| 000 | 00427 a2200145 4500 | ||
|---|---|---|---|
| 999 |
_c1975 _d1975 |
||
| 020 | _a0719586046 | ||
| 050 | _aQH308 CLE 2000 | ||
| 100 |
_aClegg, C. J. _eauthor |
||
| 245 |
_aAdvanced biology : _bprinciples and applications / _cC.J. Clegg |
||
| 264 |
_aLondon : _bJohn Murray, _c2000 |
||
| 300 |
_a700p. : _bill. |
||
| 500 | _aIncludes bibliographical references and index | ||
| 650 | _aBiology | ||
| 942 |
_2lcc _cBK _h308 _iCLE _kQH |
||